Babel

Ambientada en Marruecos, Túnez, México y Japón. Armados con un Winchester, dos muchachos marroquíes salen en busca del rebaño de cabras de la familia. En medio del silencio del desierto, deciden probar el rifle, sin conocer el alcance de la bala. En un instante, entran en colisión las vidas de cuatr...

Descripción completa

Guardado en:
Autor Principal: González Iñárritu, Alejandro.
Autor Corporativo: Central Films.
Otros Autores: Arriaga, Guillermo; Guion., Santaolalla, Gustavo; Música., Prieto, Rodrigo; Fotografía., Pitt, Brad; Reparto., Blanchett, Cate; Reparto., García Bernal, Gael; Reparto., Fanning, Elle; Reparto.
Formato: Deslizar
Idioma:Undetermined
Publicado: Estados Unidos : Paramount Vantage, 2006.
Materias:
Etiquetas: Agregar Etiqueta
Sin Etiquetas, Sea el primero en etiquetar este registro!
LEADER 01439ngm a22002895a 4500
001 CEM.cems020713
008 231129s2006####xx#---############vlund#d
005 20231129192242.0
245 1 0 |a Babel  |h [videograbación] /  |c Alejandro González Iñárritu. 
260 |a Estados Unidos :  |b Paramount Vantage,  |c 2006. 
300 |a 143'. 
520 |a Ambientada en Marruecos, Túnez, México y Japón. Armados con un Winchester, dos muchachos marroquíes salen en busca del rebaño de cabras de la familia. En medio del silencio del desierto, deciden probar el rifle, sin conocer el alcance de la bala. En un instante, entran en colisión las vidas de cuatro grupos de personas que viven en tres continentes distintos. 
538 |a Soporte: DVD -- Formato: AVI – Peso: 1.23gb -- Resolución: 512 x 272 -- 23.98fps 
500 |a Título original: Babel – Idioma: Inglés – Subtítulos: Español. 
590 |a Identificación anterior: 314 
100 1 |a González Iñárritu, Alejandro. 
700 1 |a Arriaga, Guillermo; Guion. 
700 1 |a Santaolalla, Gustavo; Música. 
700 1 |a Prieto, Rodrigo; Fotografía. 
700 1 |a Pitt, Brad; Reparto. 
700 1 |a Blanchett, Cate; Reparto. 
700 1 |a García Bernal, Gael; Reparto. 
700 1 |a Fanning, Elle; Reparto. 
710 2 |a Central Films. 
653 |a FICCIÓN 
653 |a LARGOMETRAJE 
859 |a CEMS  |b BIB. CEMS - Depto. Recursos Didacticos  |h 778.5  |i IÑA-2  |k DRD  |p 3255.23  |t Ej.1